Cấu tạo nguyên tử và liên kết hóa học

Sách trình bày khái quát về phân tử và liên kết hóa học; cấu tạo hình học của phân tử; tính chất phân tử; thuyết liên kết hóa học; thuyết Orbital phân tử; liên kết trong phân tử Ion, liên kết trong phân tử phức; mạng lưới tinh thể và đo...

Descripció completa

Guardat en:
Dades bibliogràfiques
Autor principal: Đào, Đình Thức
Format: Llibre
Idioma:Undetermined
Publicat: Hà Nội Giáo dục 2005
Matèries:
Etiquetes: Afegir etiqueta
Sense etiquetes, Sigues el primer a etiquetar aquest registre!
Thư viện lưu trữ: Trung tâm Học liệu Trường Đại học Cần Thơ
LEADER 01091nam a2200205Ia 4500
001 CTU_100938
008 210402s9999 xx 000 0 und d
020 |c 35000 
082 |a 541.24 
082 |b Th552/T.1 
100 |a Đào, Đình Thức 
245 0 |a Cấu tạo nguyên tử và liên kết hóa học 
245 0 |c Đào Đỉnh Thức 
260 |a Hà Nội 
260 |b Giáo dục 
260 |c 2005 
520 |a Sách trình bày khái quát về phân tử và liên kết hóa học; cấu tạo hình học của phân tử; tính chất phân tử; thuyết liên kết hóa học; thuyết Orbital phân tử; liên kết trong phân tử Ion, liên kết trong phân tử phức; mạng lưới tinh thể và đối xứng tinh thể; tinh thể Ion; tinh thể kim loại; tinh thể cộng hoá trị; tinh thể phân tử.... 
650 |a Chemistry, Physical and theoretical 
904 |i Tuyến 
980 |a Trung tâm Học liệu Trường Đại học Cần Thơ